| 000 | 01331nam a2200325 c 4500 | ||
|---|---|---|---|
| 003 | BLK | ||
| 005 | 20250426113658.0 | ||
| 008 | 180408b bul|||||r ||||||| ||bul|| | ||
| 010 | _aKNG00049837000 | ||
| 020 |
_a954-507-024-2 _bиздат.: Гуторанов и син |
||
| 040 | _aBLK | ||
| 041 |
_aBUL _cBUL |
||
| 080 |
_aАнглийска литература _b821.111 _x-312.4 _z821.111-312.4 |
||
| 100 | 1 |
_aЧейс, Джеймс Хадли _eпърви автор _9241644 |
|
| 700 | 1 |
_aПарушева, Мария _eпрев. от англ. _9242449 |
|
| 139 |
_aЧейс, Джеймс Хадли _bЧ 49 |
||
| 245 | 1 | 0 |
_aЛапа в бутилката _bКриминнален роман _cДжеймс Хадли Чейс; прев. от англ. Мария Парушева. |
| 257 | _aGBR | ||
| 260 |
_аСофия _bГуторанов и син _c1993 _fВраца : Полипринт |
||
| 300 |
_a235 с. _c20 см |
||
| 380 | _aX | ||
| 490 | 1 |
_aДжеймс Хадли Чейс : Избрано _v12 |
|
| 500 | _aОриг. загл. Paw in the Bottle / James Hadley Chase. - Офс. изд. - 17 000 тир. | ||
| 852 | _aЦб 179001 | ||
| 856 | 4 |
_qpdf _u |
|
| 856 | 4 |
_qpdf _u |
|
| 942 |
_cKNG _n0 _08 |
||
| 944 |
_aCR _c05.05.2005 _k30540 _lСевдалина Тодорова |
||
| 944 |
_aED _c09.05.2005 _k |
||
| 999 |
_c46034 _d46034 |
||